The woman who rides like a man
| Main Author: | |
|---|---|
| Format: | Book |
| Published: |
New York :
Simon Pulse ,
2005
|
| Series: | Song of the lioness
|
| Subjects: |
MARC
| LEADER | 00000cam a2200000 7i4500 | ||
|---|---|---|---|
| 001 | 0000102749 | ||
| 005 | 20101215.0 | ||
| 020 | |a 0689878583 | ||
| 090 | 0 | 0 | |a F |b PIE |
| 100 | 1 | |a Pierce, Tamora | |
| 245 | 1 | 4 | |a The woman who rides like a man |c Tamora Pierce |
| 260 | |a New York : |b Simon Pulse , |c 2005 | ||
| 300 | |a 284p. ; |c 18cm. | ||
| 490 | 0 | |a Song of the lioness | |
| 650 | 0 | 0 | |a Fiction |
| 999 | |a 00196707 |b BUKU |c PINJAMAN |e PERPUSTAKAAN KOMUNITI PETALING JAYA | ||